000 01111nam a22001937a 4500
999 _c59228
_d59228
003 Ge_BSU
005 20221216163920.0
008 221216s1981ge xxu||||| |||| 00| 0 geo d
041 _ageo
080 _a031=353.1 ქ-27
245 _aქართული საბჭოთა ენციკლოპედია :
_bსაქართველოს სსრ /
_cმთ. რედ.: ირ. აბაშიძე [და სხვ.] ; მხატვ. ლადო გრიგოლია.
264 _aთბილისი :
_bმთავარი სამეცნიერო რედაქცია,
_c1981.
300 _a360 გვ. :
_bილ., რუკა, სქ.
_c 27 სმ.
653 _aქართული საბჭოთა ენციკლოპედია.
653 _aსაქართველოს სსრ -- ენციკლოპედიები.
700 _aაბაშიძე, ირ
_eმთავარი რედაქტორი
_916463
700 _aგრიგოლია, ლადო
_eმხატვარი
_916464
942 _2udc
_cBK